00326nam a2200145Ia 4500003000900000008004100009040001300050040001300063245005600076245001100132250001100143260001200154300000800166490000600174IT-RoPAU120407s9999 xx 000 0 und d aIT-RoPAU cIT-RoPAU aPastorale des vocations sacerdotales et religieuses cAA.VV. aParis  aFleurus c cm v1